Vista normal Vista MARC

Entrada Personal Name

Número de registros utilizados en: 1

001 - CONTROL NUMBER

  • control field: 13203

003 - CONTROL NUMBER IDENTIFIER

  • control field: OSt

005 - DATE AND TIME OF LATEST TRANSACTION

  • control field: 20210209154513.0

008 - FIXED-LENGTH DATA ELEMENTS

  • fixed length control field: 210209|| aca||aabn | a|a d

040 ## - CATALOGING SOURCE

  • Original cataloging agency: OSt
  • Transcribing agency: OSt

100 ## - HEADING--PERSONAL NAME

  • Personal name: Iguarán, Jesús Agustín

670 ## - SOURCE DATA FOUND

  • Source citation: Work cat.: (OSt): Iguarán, Jesús Agustín, autor, Rescatada de la ignorancia / , 2010